000 02101nam a2200397 i 4500
001 198290
003 ES-MaACL
005 20260511174844.0
007 ta
008 260511s2026 sp ||||| ||||o000 1 spa d
017 _aS 147-2026
_bOficina Depósito Legal Salamanca
020 _a978-84-1091-229-8
040 _aES-MaACL
_bspa
_cES-MaACL
_erda
080 _a821.134.2"18"-32
100 1 _aUnamuno, Miguel de,
_d1864-1936
_4aut
_9236310
_eaut
245 1 0 _aMecanópolis /
_cMiguel de Unamuno
250 _a1ª edición, mayo 2026
264 1 _aSalamanca :
_bEdiciones Universidad de Salamanca,
_c2026
300 _a14 páginas ;
_c22 cm +
_e2 facsímiles
336 _2rdacontent
_aTexto
337 _2rdamedia
_asin mediación
338 _2rdacarrier
_avolumen
490 0 _aSerie Conmemorativa ;
_v22
500 _aRegistro provisional
500 _aAutora de los textos, Marta García Gasco, en el interior del folleto
500 _a"Agradecemos a la Biblioteca del Ateneo de Madrid [y en particular a Óscar Chaves Amieva] la generosidad mostrada en la cesión de la copia del diario que reproducimos"--Verso de contraportada
500 _aEl material anejo consiste en una reproducción facsímil del artículo original de Los lunes de El Imparcial, de 11 de agosto de 1913 y una reproducción facsímil de una carta de H.G. Wells dirigida a Miguel de Unamuno, de 24 de febrero de 1936
500 _aGuardado en carpeta de cartón de 25 cm, decorado con papel marmoleado y lomo de tela roja, con solapas interiores y título en la cubierta: “Mecanópolis, Miguel de Unamuno, 1913”
500 _aEdición publicada con motivo de la exposición "Que inventen ellos. Miguel de Unamuno y la ciencia", del 25 de marzo de 2026, en las Escuelas Mayores del Estudio salmantino
655 4 _aCuentos de ciencia ficción
_9243061
700 1 _aGarcía Gasco, Marta
_4aut
_9233995
_eaut
852 _aES-MaACL
_cDES
_jDB-164
_hDonación: Jacobo Sanz Hermida
_xEncuadernación cartoné
942 _cMONOGRAFIA
_n0
999 _c198290
_d198290